Logo BPK

Biblioteka

Politechniki Koszalińskiej

Berlin im Gedicht / (Rekord nr 50591)

Szczegóły MARC
000 -ETYKIETA REKORDU
podpole kontrolne o stałej długości 00675nam a2200241 i 4500
001 - NUMER KONTROLNY REKORDU
pole kontrolne bgj
020 ## - MIĘDZYNARODOWY ZNORMALIZOWANY NUMER KSIĄŻKI - ISBN
ISBN 3458325514
040 ## - ŹRÓDŁO KATALOGOWANIA
Instytucja, która utworzyła rekord BPK
041 0# - KOD JĘZYKA
Kod języka tekstu ger
920 ## - Międzynarodowy znormalizowany numer książki – ISBN
ISBN 3-458-32551-4
008 - POLE O STAŁEJ DŁUGOŚCI - DANE KONTROLNE
podpole kontrolne o stałej długości s gw f |000 0 ger
245 00 - TYTUŁ/ODPOWIEDZIALNOŚĆ
Tytuł Berlin im Gedicht /
Pozostałe elementy strefy tytułu i oznaczenia odpowiedzialności herausgegeben von Barbara und Walter Laufenberg.
260 ## - STREFA ADRESU WYDAWNICZEGO
Miejsce wydania Frankfurt am Main :
Nazwa wydawcy/dystrybutora Insel Verlag,
Data publikacji, dystrybucji/powstania dokumentu 1987.
300 ## - STREFA OPISU FIZYCZNEGO
Objętość 173, [6] S. ;
Rozmiary 18 cm.
490 1# - STREFA SERII I DOKUMENTU WIELOCZĘŚCIOWEGO - FORMA NIE DO WYSZUKIWANIA
Tytuł i oznaczenie odpowiedzialności serii Insel Taschenbuch ;
Numeracja w obrębie serii 851
504 ## - UWAGA DOTYCZĄCA BIBLIOGRAFII
Informacje o bibliografii Bibliographie S. 162-[174].
651 #9 - HASŁO PRZEDMIOTOWE W FORMIE NAZWY GEOGRAFICZNEJ
Nazwa geograficzna Berlin
655 ## - TERMIN INDEKSOWY - OKREŚLENIE RODZAJU/FORMY DOKUMENTU
Określenie rodzaju/formy dokumentu Lyrik
700 1# - HASŁO DODATKOWE - NAZWA OSOBOWA
Nazwa osobowa LAUFENBERG, Barbara.
Określenie związku między hasłem a opisywanym materiałem Hrsg.
700 1# - HASŁO DODATKOWE - NAZWA OSOBOWA
Nazwa osobowa LAUFENBERG, Walter.
Określenie związku między hasłem a opisywanym materiałem Hrsg.
830 ## - HASŁO DODATKOWE SERII LUB DOKUMENTU WIELOCZĘŚCIOWEGO - TYTUŁ UJEDNOLICONY
Tytuł ujednolicony Insel Taschenbuch ;
856 ## - LOKALIZACJA I DOSTĘP DO ELEKTRONICZNYCH DOKUMENTÓW ZDALNYCH
Link (URL) http://koha.tu.koszalin.pl/cgi-bin/koha/opac-detail.pl?biblionumber=50591
Tekst linku Katalog online BPK
942 ## - DODATKOWE ELEMENTY (KOHA)
Typ dokumentu Książka
Egzemplarze
Wycofany Status egzemplarza Uszkodzony Dostępność Lokalizacja stała Lokalizacja bieżąca Miejsce przechowywania Sygnatura Kod kreskowy Typ dokumentu
      Dostępny Biblioteka Politechniki Koszalińskiej Biblioteka Politechniki Koszalińskiej Wypożyczalnia Językowa N 585 01580167 Książka
© 2023 Biblioteka Politechniki Koszalińskiej :: KOHA